00407nam a2200133 a 4500008004100000050001500041100004000056245007700096260003900173300002200212350000900234650001100243650001900254120416s1938 ||||||||||||||||| || u aGN 643 Fra aFrazer, Sir James George, 1854-194114aThe native races of Africa and Madagascarcedited by Robert Angus Downie aLondonbPercy Lund Humphriesc1938 axii, 578p. : ill. a0.00 0aETHICS aETHICS--AFRICA